000 00739nas a2200241 4500
001 BR8002443
003 BR-BrBNA
005 20231205084310.0
007 ta
008 230509b bl.|||p| |||| 00| 00por d
040 _aBR-BrBNA
_bpor
_cBiblioteca Nacional de Agricultura
041 _a(Pt)
072 _aH10
100 1 _aGeraldo Junior, C.
245 1 _aPiretroides, otimo recurso no controle de pragas [Piretro; Chrysanthemum cinerariaefolium; Inseticida]
650 _aPraga de planta
650 _aPiretro
650 _aInseticida
650 _aControle quimico
773 0 _tGranja (Brazil)
_xISSN 0367-505X
_g(Apr 1980), v. 36(387) p. 49-51
_wBR8002443
909 _a202311
_bLúcia
_c55
_dLúcia Elande
942 _2AGRIS
_n0
_cANA
999 _c104355
_d104355